| 000 | 00723nam a2200193 a 4500 | ||
|---|---|---|---|
| 005 | 20260312064037.0 | ||
| 008 | 991125s1981 mx 000 0 spa u | ||
| 035 | _aUPN01000024304 | ||
| 049 | _aCG | ||
| 050 | 4 |
_aHB903 F4 _bI5.3 |
|
| 110 | 2 |
_aInstituto Mexicano del Seguro Social. _bJefatura de Servicios de Planificación Familiar |
|
| 245 | 1 | 0 |
_aFecundidad y uso de métodos anticonceptivos en México / _cInstituto Mexicano del Seguro Social, Jefatura de Servicios de Planificación Familiar. |
| 260 |
_aMéxico : _bIMSS, _c1981. |
||
| 300 | _a96 p. | ||
| 500 | _aDisponible en la Colección Medina | ||
| 650 | 4 |
_aControl de la natalidad _912362 |
|
| 651 | 4 |
_aMéxico _xPoblación _vEstadística _95412 |
|
| 905 | _aLibro | ||
| 999 |
_c24304 _d24304 |
||